Compendio de la historia de Santo Domingo / (Registro nro. 33200)
[ vista simple ]
| 000 -CABECERA | |
|---|---|
| campo de control de longitud fija | 00877nam a2200229 a 4500 |
| 001 - NÚMERO DE CONTROL | |
| campo de control | 000033709 |
| 005 - FECHA Y HORA DE LA ÚLTIMA TRANSACCIÓN | |
| campo de control | 20240409122244.0 |
| 008 - DATOS DE LONGITUD FIJA--INFORMACIÓN GENERAL | |
| campo de control de longitud fija | 091012s18931900dr bd r 000 0 eng d |
| 040 ## - FUENTE DE LA CATALOGACIÓN | |
| Centro catalogador/agencia de origen | DO-SdBNP |
| Lengua de catalogación | spa |
| Centro/agencia transcriptor | BNPHU |
| 082 ## - NÚMERO DE LA CLASIFICACIÓN DECIMAL DEWEY | |
| Número de clasificación | 972.93 |
| Número de documento/Ítem | G216c, |
| 100 1# - ENTRADA PRINCIPAL--NOMBRE DE PERSONA | |
| Nombre de persona | García, José Gabriel, |
| Fechas asociadas al nombre | 1834-1910 |
| 9 (RLIN) | 26153 |
| 245 10 - MENCIÓN DE TÍTULO | |
| Título | Compendio de la historia de Santo Domingo / |
| Mención de responsabilidad, etc. | José Gabriel García. |
| 250 ## - MENCIÓN DE EDICIÓN | |
| Mención de edición | 3a. ed. aumentada y revisada |
| 260 ## - PUBLICACIÓN, DISTRIBUCIÓN, ETC. | |
| Lugar de publicación, distribución, etc. | Santo Domingo : |
| Nombre del editor, distribuidor, etc. | García Hermanos, |
| Fecha de publicación, distribución, etc. | 1893-1900. |
| 300 ## - DESCRIPCIÓN FÍSICA | |
| Extensión | 4v. ; |
| Dimensiones | 20 cm. |
| 590 ## - NOTA LOCAL (RLIN) | |
| Nota local | Inventariado, 2019/BT |
| 651 #0 - PUNTO DE ACCESO ADICIONAL DE MATERIA--NOMBRE GEOGRÁFICO | |
| Nombre geográfico | República Dominicana -- |
| Subdivisión general | Historia -- |
| Subdivisión cronológica | Colonia, 1503-1844 |
| 9 (RLIN) | 11397 |
| 651 #4 - PUNTO DE ACCESO ADICIONAL DE MATERIA--NOMBRE GEOGRÁFICO | |
| Nombre geográfico | La Española (Haití Y República Dominicana{Rpara} |
| Subdivisión general | Historia |
| 9 (RLIN) | 26154 |
| 651 #4 - PUNTO DE ACCESO ADICIONAL DE MATERIA--NOMBRE GEOGRÁFICO | |
| Nombre geográfico | República Dominicana |
| Subdivisión general | Ocupación Haitiana |
| Subdivisión cronológica | 1822-1844 |
| 9 (RLIN) | 26155 |
| 651 #4 - PUNTO DE ACCESO ADICIONAL DE MATERIA--NOMBRE GEOGRÁFICO | |
| Nombre geográfico | Haití |
| Subdivisión general | Historia |
| 9 (RLIN) | 8418 |
| 910 ## - DATOS DE OPCIÓN DEL USUARIO (OCLC) | |
| Datos de opción del usuario | Validado. Control de calidad. MFF |
| Estado de retiro | Estado de pérdida | Fuente del sistema de clasificación o colocación | Restricciones de uso | No para préstamo | Código de colección | Localización permanente | Ubicación/localización actual | Ubicación en estantería | Fecha de adquisición | Número de inventario | Total de préstamos | Signatura topográfica completa | Código de barras | Fecha visto por última vez | Precio válido a partir de | Tipo de ítem Koha |
|---|---|---|---|---|---|---|---|---|---|---|---|---|---|---|---|---|
| Dewey Decimal Classification | Raros y valiosos | Patrimonio Dominicano | Patrimonio Dominicano | Depósito | 11.10.2011 | LF1 | v.2, e .3 | 33709-40 | 25.06.2020 | 25.06.2020 | Préstamo en sala | |||||
| Excluido de préstamo | Raros y valiosos | Patrimonio Dominicano | Patrimonio Dominicano | Depósito | 06.09.2011 | LF1 | v.1 | 33709-10 | 25.06.2020 | 25.06.2020 | No se presta | |||||
| Préstamo restrigido | Raros y valiosos | Patrimonio Dominicano | Patrimonio Dominicano | En encuadernación | 11.10.2011 | LF1 | v.2 | 33709-20 | 25.06.2020 | 25.06.2020 | No se presta | |||||
| Raros y valiosos | Patrimonio Dominicano | Patrimonio Dominicano | Depósito | 11.10.2011 | LF1 | v.2 e. 2 | 33709-30 | 25.06.2020 | 25.06.2020 | Préstamo en sala | ||||||
| Excluido de préstamo | Raros y valiosos | Patrimonio Dominicano | Patrimonio Dominicano | Depósito | 11.10.2011 | LF1 | v.3 | 33709-50 | 25.06.2020 | 25.06.2020 | No se presta | |||||
| Excluido de préstamo | Raros y valiosos | Patrimonio Dominicano | Patrimonio Dominicano | Depósito | 26.09.2012 | LF1 | v.3, e.2 | 33709-60 | 25.06.2020 | 25.06.2020 | No se presta | |||||
| Excluido de préstamo | Raros y valiosos | Patrimonio Dominicano | Patrimonio Dominicano | Depósito | 26.09.2012 | LF1 | v.3, e.3 | 33709-70 | 25.06.2020 | 25.06.2020 | No se presta | |||||
| Excluido de préstamo | Raros y valiosos | Patrimonio Dominicano | Patrimonio Dominicano | Depósito | 26.09.2012 | LF1 | v.4 | 33709-80 | 25.06.2020 | 25.06.2020 | No se presta |
